[Event "Stay Safe Play From Home 291"]
[Site "Emanuel Lasker Arena"]
[Date "2020.07.09"]
[Round "1"]
[White "Lazieri3"]
[Black "Ironmike"]
[Result "1-0"]
[WhiteElo "2046"]
[BlackElo "1872"]
[Annotator "TA"]
[PlyCount "41"]
[EventDate "2020.07.09"]
[EventType "swiss (blitz)"]
[BlackTeam "SV Horst-Emscher I"]

{[%evp 9,41,26,64,41,64,34,39,0,1,0,27,0,5,-14,6,0,0,0,8,-17,40,17,35,-16,520,540,516,528,538,539,737,608,29998,29999]} 1. e4 c5 2. Nc3 e6 3. Nf3 Nc6 4. d3 Nd4 5. g3 {[#]} b6 $146 ({Predecessor:} 5... g6 6. Bg2 Bg7 7. O-O Ne7 8. Ne2 O-O 9. Nf4 f5 10. exf5 Nexf5 11. c3 Nxf3+ 12. Bxf3 {1-0 (49) Madina Yadarola,M (2273)-Bulcourf,C (2056) Villa Martelli 2013}) 6. Bg2 {B40: Sicilian: 2...e6, Unusual lines.} Bb7 7. a3 Be7 8. Be3 {White is slightly better.} (8. Nxd4 {with more complications.} cxd4 9. Ne2 e5 10. c3 dxc3 11. Nxc3 Bc5 12. d4) 8... Nxf3+ 9. Qxf3 Nf6 10. O-O O-O 11. h3 d6 12. Qe2 a6 13. f4 Nd7 14. f5 exf5 (14... Bf6 $11) 15. Rxf5 Bf6 16. Raf1 (16. e5 $14 Bxg2 17. exf6 Bxh3 18. Rh5) 16... g6 $2 {[%mdl 8192] [#] This move loses the game for Black.} (16... Bxc3 $11 17. bxc3 b5) 17. Rxf6 $1 $18 {[%mdl 512]} Nxf6 18. Bg5 Qd7 19. Bxf6 Rae8 20. Qe3 {White threatens Qh6 and mate.} d5 21. Qh6 {Accuracy: White = 63%, Black = 46%.} 1-0

[Event "Stay Safe Play From Home 291"]
[Site "Emanuel Lasker Arena"]
[Date "2020.07.09"]
[Round "1"]
[White "SoulofWolf"]
[Black "Timbre"]
[Result "1-0"]
[WhiteElo "2013"]
[BlackElo "1547"]
[Annotator "TA"]
[PlyCount "57"]
[EventDate "2020.07.09"]
[EventType "swiss (blitz)"]

{[%evp 10,57,11,10,29,29,50,36,42,39,60,41,47,39,39,16,22,18,56,66,232,41,53,57,62,37,31,22,26,26,105,104,107,107,381,29,29,23,374,369,549,552,548,415,1083,1080,1222,1044,958,952]} 1. c4 c6 2. Nf3 d5 3. e3 Nf6 4. b3 Bg4 5. Bb2 e6 6. Be2 Bxf3 {A12: English Opening: 1...c6 with b3 by White.} 7. Bxf3 Be7 8. O-O Nbd7 {White is slightly better.} 9. d4 {[#]} Qc7 $146 ({Predecessor:} 9... O-O 10. Nc3 Re8 11. Re1 Qa5 12. a3 Rad8 13. b4 Qc7 14. cxd5 cxd5 15. Rc1 Qb8 {1-0 (52) Toma,R (2351)-Avramescu,P (2063) Olanesti 2016}) 10. a4 O-O 11. Nd2 a5 12. Bc3 c5 13. Rc1 dxc4 14. Nxc4 b6 $2 (14... Nd5 $14) 15. Na3 $2 ({Better is} 15. Bxa8 $18 Rxa8 16. Qf3) 15... Rad8 $14 16. Nb5 Qb8 $1 17. Qc2 cxd4 18. Bxd4 Nc5 19. Rfd1 h6 {[#]} (19... Nfd7 $11 {remains equal.}) 20. Qb2 $1 $36 {[%mdl 2048] aiming for Be5. Keeping Black busy.} Ne8 21. Be5 Bd6 $2 {[%mdl 8192]} (21... Rxd1+ $16 22. Rxd1 Qc8) 22. Bxd6 $2 (22. Nxd6 $18 f6 23. Nxe8 fxe5 24. Rxd8 Qxd8 25. Bc6 (25. Qxe5 Qxe8 26. Bg4 Qg6 $16)) 22... Nxd6 $11 23. Nd4 {b4 is the strong threat.} Qa7 $2 {[%mdl 8192]} (23... Nf5 $11 {and Black is okay.}) 24. Nc6 $18 {[%mdl 64] [#] Double Attack} Qa6 (24... Qc7 $142 25. b4 axb4 26. Nxd8 Rxd8 27. Qxb4 Rc8) 25. Nxd8 Rxd8 26. Qe5 Nxb3 (26... Nd3 $142 27. Be2 Nxe5 28. Bxa6 Kf8) 27. Rc6 {White is clearly winning.} Nc5 28. Rcxd6 Rxd6 29. Qxd6 {Accuracy: White = 65%, Black = 44%.} 1-0

[Event "Stay Safe Play From Home 291"]
[Site "Emanuel Lasker Arena"]
[Date "2020.07.09"]
[Round "1"]
[White "Weltszmerc"]
[Black "Capaeuwekhine"]
[Result "1-0"]
[WhiteElo "2006"]
[BlackElo "1697"]
[Annotator "TA"]
[PlyCount "103"]
[EventDate "2020.07.09"]
[EventType "swiss (blitz)"]

{[%evp 13,103,33,41,37,64,0,0,-13,0,-6,-6,-10,-8,-70,-74,-59,183,38,51,51,42,54,42,50,51,31,47,-5,23,14,24,17,39,37,51,44,149,141,132,141,135,131,156,147,204,170,177,179,174,123,120,121,108,57,108,6,10,0,87,78,148,40,383,395,478,468,478,473,824,802,1747,1738,4718,4718,9508,8735,29975,29973,6121,5889,5110,5089,29978,29979,29981,29982,29983,29984,29988,29989,29989,29990]} 1. d4 e6 2. c4 d5 3. Nf3 c6 4. g3 f5 5. Bg2 Nf6 6. O-O Be7 7. Nbd2 O-O 8. Ne5 {A92: Classical Dutch: Classical Stonewall (with ...Be7): Early deviations.} Bd7 {[#]} 9. f3 $146 (9. Qb3 $14) ({Predecessor:} 9. Ndf3 Be8 10. Nd3 Bf7 11. b3 Nbd7 12. Ng5 Ne4 13. Nxf7 Rxf7 14. Nf4 Rf6 15. f3 Nd6 {1-0 (38) Milov,V (2615)-Kuzin,A (2409) Minsk 2015}) 9... Be8 10. b3 {The position is equal.} Nbd7 {next ...Qb6 is good for Black.} 11. Bb2 Nxe5 12. dxe5 Nd7 13. e4 (13. Bd4 $11) 13... fxe4 $15 14. fxe4 {[%cal Rc4d5]} Bg5 $2 (14... Qb6+ $15 {stays ahead.} 15. Kh1 Rxf1+ 16. Qxf1 d4) 15. Rxf8+ (15. exd5 $18 Qb6+ 16. Kh1) 15... Nxf8 $14 16. exd5 cxd5 17. cxd5 exd5 18. Nf3 Be3+ 19. Kh1 Ne6 20. Qd3 (20. Bd4 $14 Nxd4 21. Nxd4) 20... Bb6 21. Rd1 Bc6 22. Nd4 $36 {[%mdl 2048] Black is under pressure.} Nxd4 23. Bxd4 Bxd4 24. Qxd4 Qd7 ({Better is} 24... Kh8 $14) 25. Bxd5+ $16 Bxd5+ 26. Qxd5+ Qxd5+ 27. Rxd5 {[%mdl 4096] Endgame KR-KR} Re8 28. Kg2 Kf7 (28... b6 $16 29. Kf3 Kf8) 29. Kf3 Ke6 30. Ke4 Rf8 {[#]} 31. Rd6+ (31. Ra5 $1 $18) 31... Ke7 {[#]} 32. Rd2 $1 Rf1 33. Rc2 (33. Kd5 $16) 33... Re1+ ({Black should play} 33... Kd7 $14) 34. Kd5 (34. Kf5 $16 {Hoping for Rc7+.} g6+ 35. Kf4) 34... Rd1+ $11 35. Ke4 (35. Kc5 $11) 35... Re1+ $1 $16 36. Kf4 {Threatens to win with Rc7+.} Rf1+ ({Black should try} 36... Kd7) 37. Kg4 (37. Kg5 $16) 37... Ke6 $2 {[%mdl 8192]} (37... Kd7 $1 $14) 38. Rc7 $18 Rf2 39. h4 Rxa2 40. Rxg7 h5+ (40... Kxe5 $142 41. Rxh7 b5 42. Rh5+ Kf6 43. Rf5+ Kg7) 41. Kxh5 Kxe5 42. Rxb7 a5 43. g4 Rb2 44. Rb5+ Kf4 45. Rxa5 Rxb3 46. Ra4+ Ke5 47. g5 Rb6 48. Ra1 {White mates.} Kf5 49. Rf1+ Ke5 50. g6 Ke6 51. g7 Rb8 52. Rf8 {Accuracy: White = 66%, Black = 37%.} 1-0

[Event "Stay Safe Play From Home 291"]
[Site "Emanuel Lasker Arena"]
[Date "2020.07.09"]
[Round "1"]
[White "Patzeroglu"]
[Black "AChessPlayer"]
[Result "0-1"]
[WhiteElo "1912"]
[BlackElo "2219"]
[Annotator "TA"]
[PlyCount "20"]
[EventDate "2020.07.09"]
[EventType "swiss (blitz)"]

{[%evp 14,19,25,25,59,-58,-43,-29999]} 1. e4 c5 2. Nf3 e6 3. d4 cxd4 4. Nxd4 Nc6 5. Be3 Nf6 6. Nd2 Qc7 7. Bd3 a6 8. O-O Ne5 {[#] B42: Sicilian: Kan Variation: 5 Bd3.} 9. Kh1 $146 ({White should play} 9. N4f3 $14) ({Predecessor:} 9. N2f3 Bd6 10. h3 b5 11. Re1 h6 12. Rb1 Bb7 13. Bd2 Bc5 14. Nxe5 Bxd4 15. Nf3 Ba7 16. Bc3 {0-1 (29) Leung,H (1284)-Atikankhotchasee,M (1667) Batumi 2018}) 9... Neg4 $15 {[%csl Gg4][%cal Rc7h2]} 10. Qe2 $2 {[%mdl 8192] [#]} (10. N4f3 $15) 10... Qxh2# 0-1

[Event "Stay Safe Play From Home 291"]
[Site "Emanuel Lasker Arena"]
[Date "2020.07.09"]
[Round "1"]
[White "Lucknow"]
[Black "Mandy"]
[Result "1-0"]
[WhiteElo "1759"]
[BlackElo "994"]
[Annotator "NA RC"]
[PlyCount "37"]
[EventDate "2020.07.09"]
[EventType "swiss (blitz)"]

1. d4 {[%emt 0:00:06]} d5 {[%emt 0:00:03]} 2. c4 {[%emt 0:00:00]} c6 {[%emt 0:00:02]} 3. Nf3 {[%emt 0:00:01]} Bf5 {[%emt 0:00:01]} 4. Nc3 {[%emt 0:00:00]} Nf6 {[%emt 0:00:01]} 5. e3 {[%emt 0:00:00]} g6 {[%emt 0:00:01]} 6. Bd3 {[%emt 0:00:00]} e6 {[%emt 0:00:02]} 7. O-O {[%emt 0:00:02]} Bxd3 {[%emt 0:00:02]} 8. Qxd3 {[%emt 0:00:01]} Bb4 {[%emt 0:00:05]} 9. a3 {[%emt 0:00:10]} Bd6 {[%emt 0:00:03]} 10. e4 {[%emt 0:00:02]} Bf4 {[%emt 0:00:15]} 11. Bxf4 {[%emt 0:00:03]} Nbd7 {[%emt 0:00:06]} 12. exd5 {[%emt 0:00:02]} e5 {[%emt 0:00:06]} 13. dxe5 {[%emt 0:00:02]} Nxe5 {[%emt 0:00:08]} 14. Bxe5 {[%emt 0:00:03]} Qe7 {[%emt 0:00:09]} 15. dxc6 {[%emt 0:00:12]} bxc6 {[%emt 0:00:06]} 16. Rfe1 {[%emt 0:00:02]} Rd8 {[%emt 0:00:02]} 17. Bxf6 {[%emt 0:00:10]} Qxe1+ {[%emt 0:00:16]} 18. Rxe1+ {[%emt 0:00:02]} Kf8 {[%emt 0:00:06]} 19. Qxd8# {[%emt 0:00:00] (Lag: Av=0.69s, max=1.5s)} 1-0

[Event "Stay Safe Play From Home 291"]
[Site "Emanuel Lasker Arena"]
[Date "2020.07.09"]
[Round "1"]
[White "Klasman"]
[Black "Chesstiger9"]
[Result "0-1"]
[WhiteElo "1544"]
[BlackElo "1960"]
[Annotator "TA"]
[PlyCount "108"]
[EventDate "2020.07.09"]
[EventType "swiss (blitz)"]

{[%evp 9,108,-22,-15,-16,0,5,8,0,0,0,0,0,-6,0,0,-36,-25,-35,-11,-11,0,-3,7,0,47,21,72,37,158,151,195,42,126,116,253,244,328,328,416,358,366,297,651,460,351,320,299,302,556,549,572,558,1348,1204,29981,502,484,479,530,610,494,477,606,552,545,591,568,572,555,554,12838,12839,12837,12835,12837,12838,12838,12830,12829,12829,12830,12828,12827,12829,12826,12818,12832,12834,12835,12835,12839,12839,12840,12839,12842,12842,12843,12843,12847,170,12848]} 1. f4 c5 2. Nf3 d5 3. c3 Nc6 4. d4 cxd4 5. cxd4 Nf6 6. Nc3 {A03: Bird's Opening with 1...d5.} g6 7. e3 Bg7 8. Bb5 {The position is equal.} O-O {[#]} 9. Bxc6 $146 ({Predecessor:} 9. Bd2 Bf5 10. a3 a6 11. Be2 Rc8 12. Rc1 Na5 13. b4 Nc4 14. Bxc4 dxc4 15. e4 Nxe4 16. Nxe4 Bxe4 {0-1 (43) Tunca,O (1235)-Orhon,B (1460) Ankara 2020}) 9... bxc6 10. O-O Bg4 11. Bd2 Rb8 12. Qc2 Bf5 13. Qc1 Ne4 14. Ne5 Bxe5 (14... Qd6 {seems wilder.} 15. Nxe4 Bxe4 16. b4 Rfc8 17. Qc3 a5) 15. fxe5 Nxd2 16. Qxd2 Qb6 17. Rf2 h5 (17... f6 $11) 18. h3 (18. Na4 $5 {[%cal Ra4b6]} Qb4 19. Qd1 $11) 18... Rfc8 (18... f6 $14) 19. Raf1 $16 e6 {[#]} 20. Kh2 $2 (20. e4 $1 $18 {[%cal Re4f5][%mdl 512]} dxe4 21. g4 $1 {[%mdl 512]}) 20... c5 (20... Qa6 $14) 21. Na4 $1 {[%csl LRb6,LRc5][%mdl 64] Double Attack} Qa6 {A mistake that costs the game.} (21... Qb4 $16 22. Nxc5 Qxd2 23. Rxd2 h4) 22. Nxc5 $18 Rxc5 23. dxc5 Qxa2 24. Qc3 Rb3 25. Qc1 Rb7 $2 (25... Qa5 26. c6 Qc7) 26. c6 Rc7 27. Qc5 Qa6 28. Qd6 Rxc6 $2 (28... Qc8 29. Rc1 Bd3) 29. Qd8+ Kh7 {[#]} 30. g4 $1 {[%mdl 512]} Rc2 {aiming for ...Qxf1.} (30... hxg4 31. hxg4) 31. gxf5 Qxf1 32. Rxc2 (32. fxg6+ $142 fxg6 33. Rxc2 Kg7 34. Qb8 Qf5 35. Rc7+ {[%mdl 64] Double Attack} Kh6 36. Qh8+ Kg5 37. Qd8+ Kh6 38. Qf6) 32... Qxf5 33. Qc7 h4 34. Kg1 Qf3 35. Rf2 Qg3+ {[#]} 36. Kf1 $1 Qxh3+ 37. Ke2 Qg4+ {[#]} 38. Kd2 $1 Qb4+ 39. Qc3 Qxc3+ 40. bxc3 {[%mdl 4096] Endgame KR-KP} Kg7 41. Rf6 g5 42. Ke2 a5 43. Rf1 Kg6 44. Kf3 Kf5 45. Rg1 a4 46. Ra1 Kxe5 47. Rxa4 f5 48. Ra6 g4+ 49. Kg2 h3+ 50. Kg3 Kf6 51. Ra4 Kf7 52. c4 dxc4 53. Rxc4 e5 54. Rc6 $2 (54. e4 Kf6 55. Kh4 fxe4 56. Kxg4) 54... Ke7 $2 {[%mdl 32768] Accuracy: White = 67%, Black = 48%. . Sensor Board Error (Ke4/e5)?} (54... e4 55. Ra6 Kg7) 0-1

[Event "Stay Safe Play From Home 291"]
[Site "Emanuel Lasker Arena"]
[Date "2020.07.09"]
[Round "1"]
[White "Justwatch"]
[Black "Haris kollari 13"]
[Result "0-1"]
[WhiteElo "1453"]
[BlackElo "1843"]
[Annotator "NA"]
[PlyCount "22"]
[EventDate "2020.07.09"]
[EventType "swiss (blitz)"]

1. e4 {[%emt 0:00:07]} e5 {[%emt 0:00:01]} 2. Bc4 {[%emt 0:00:02]} c6 {[%emt 0:00:02]} 3. Qh5 {[%emt 0:00:01]} Qf6 {[%emt 0:00:04]} 4. Nf3 {[%emt 0:00:01]} d6 {[%emt 0:00:02]} 5. d3 {[%emt 0:00:01]} h6 {[%emt 0:00:04]} 6. Nc3 {[%emt 0:00:02]} g6 {[%emt 0:00:11]} 7. Qh4 {[%emt 0:00:04]} g5 {[%emt 0:00:05]} 8. Qh5 {[%emt 0:00:01]} Nd7 {[%emt 0:00:05]} 9. Nxg5 {[%emt 0:00:01]} hxg5 {[%emt 0:00:03]} 10. Qe2 {[%emt 0:00:03]} Nb6 {[%emt 0:00:03]} 11. Bb3 {[%emt 0:00:02] Justwatch terk eder (Lag: Av=0.40s, max=0.5s)} Be6 {[%emt 0:00:02]} 0-1

[Event "Stay Safe Play From Home 291"]
[Site "Emanuel Lasker Arena"]
[Date "2020.07.09"]
[Round "2"]
[White "Weltszmerc"]
[Black "Lucknow"]
[Result "1-0"]
[WhiteElo "2011"]
[BlackElo "1760"]
[Annotator "TA"]
[PlyCount "62"]
[EventDate "2020.07.09"]
[EventType "swiss (blitz)"]

{[%evp 16,62,39,49,52,-51,49,-6,59,13,15,15,14,12,15,13,15,0,39,19,18,7,4,0,18,28,47,0,0,-39,15,10,95,114,450,457,452,196,362,197,2414,892,852,761,2372,2343,29996,29997,29997]} 1. d4 d5 2. c4 c6 3. Nf3 Nf6 4. g3 g6 5. Bg2 Bg7 6. O-O O-O 7. b3 Bg4 8. Ne5 Be6 9. Bb2 Nbd7 {[#] A11: English Opening: 1...c6.} 10. f4 $146 ({White should try} 10. Nc3 $14) ({Predecessor:} 10. Nd2 Nxe5 11. dxe5 Ng4 12. cxd5 Bxd5 13. e4 Be6 14. Nf3 Qc7 15. Qd4 Rfd8 16. Qc3 {½-½ (29) Berczes,D (2464)-Khachiyan,M (2509) chess.com INT 2019}) 10... Bf5 (10... dxc4 $1 $15 11. bxc4 Nxe5 12. fxe5 Ng4) 11. Nc3 (11. e3 $14) 11... Ne4 (11... Nxe5 $11 12. fxe5 Ng4) 12. Nxe4 Bxe4 13. Bxe4 dxe4 14. e3 f6 15. Nxd7 Qxd7 16. g4 e6 17. Qe2 f5 18. g5 Rfd8 19. Rad1 Qc7 20. h4 c5 21. h5 (21. d5 $14) 21... cxd4 $15 22. exd4 Kf7 (22... Rd7 $15) 23. h6 Bh8 {[#]} (23... Bf8 $11 {remains equal.}) 24. d5 $1 $16 {Threatens to win with Bxh8.} exd5 $2 {[%mdl 8192] Loses the game.} (24... e5 $16) 25. Bxh8 $18 Rxh8 26. Rxd5 (26. Qb2 $142 {White wants to mate with Qg7+.} Qe7 27. cxd5 (27. Qg7+ Ke6 $18)) 26... Rhd8 $2 (26... Rhe8 {keeps fighting.} 27. Qb2 Kg8) 27. Qb2 {Threatening mate with Qg7+.} Qb6+ $2 (27... Kg8 28. Rfd1 Rxd5 29. Rxd5 e3) 28. Kg2 (28. c5 $142 Qc7 29. Qg7+ {[%mdl 64] Double Attack} Ke6 30. Qxc7 Rxd5 31. Qxb7) 28... Rxd5 29. Qg7+ {[%mdl 64] [#] Double Attack, Zwischenzug} Ke6 30. cxd5+ Kxd5 31. Rd1+ Kc6 {Accuracy: White = 58%, Black = 27%.} 1-0

[Event "Stay Safe Play From Home 291"]
[Site "Emanuel Lasker Arena"]
[Date "2020.07.09"]
[Round "2"]
[White "Chesstiger9"]
[Black "AChessPlayer"]
[Result "0-1"]
[WhiteElo "1963"]
[BlackElo "2224"]
[Annotator "TA"]
[PlyCount "84"]
[EventDate "2020.07.09"]
[EventType "swiss (blitz)"]

{[%evp 10,84,8,0,0,-16,-15,-37,-18,-30,-22,-62,-58,-107,-92,-131,-112,-124,-76,-66,-68,-90,-62,-66,17,-54,-45,-62,-28,-75,-77,-71,-66,-85,0,-44,90,-43,0,-34,39,-40,0,0,0,-129,-107,-113,-133,-210,-224,-204,-214,-211,-200,-212,-164,-316,-169,-160,-147,-164,-157,-283,-272,-255,-280,-270,-258,-364,0,-526,-528,-707,-675,-1184,-1167]} 1. d4 Nf6 2. Nf3 e6 3. e3 b6 4. Bd3 Bb7 5. Nbd2 d5 6. Qe2 c5 {Hoping for ...c4. D05: Colle System with ...e6.} 7. dxc5 bxc5 8. c3 Nc6 {Black is slightly better.} 9. e4 Be7 {[#]} 10. h4 $146 ({Predecessor:} 10. O-O O-O 11. Re1 Nd7 12. Nf1 Bf6 13. Bf4 Nce5 14. Bxe5 Nxe5 15. Nxe5 Bxe5 16. exd5 Qxd5 {1-0 (51) Ptacek,T (2093)-Kodric,T (1606) Mureck 2013}) 10... h6 11. e5 Nd7 12. Bb5 Qc7 13. O-O O-O {[%cal Rc6e5]} 14. Re1 a5 15. Bd3 Rfe8 16. Nf1 f5 (16... c4 $15 17. Bb1 Bc5) 17. Ng3 (17. exf6 $1 $11 Bxf6 18. Ne3) 17... Nf8 18. h5 Qb6 19. Bf4 Ba6 20. Bxa6 Qxa6 21. Qd2 Nh7 ({Black should try} 21... a4 $17) 22. Rad1 (22. Bxh6 $5 gxh6 23. Qxh6 $17) 22... Rad8 (22... Ra7 $15) 23. b3 (23. Bxh6 $1 $16 gxh6 24. Qxh6) 23... a4 24. Ne2 (24. Bxh6 $5 axb3 25. axb3 $11) 24... Na5 (24... axb3 $15 25. axb3 Nf8) 25. Qc2 ({But not} 25. bxa4 Nc4 $15) (25. Bxh6 $14 axb3 26. axb3) 25... Ng5 26. Bxg5 $1 hxg5 27. bxa4 (27. g4 $1 $11) 27... g4 $17 {Black converts the advantage convincingly.} 28. Nd2 Bg5 29. f4 (29. Nb3 $17) 29... gxf3 $19 30. Nxf3 Be3+ 31. Kh1 Nc4 {[%mdl 1024] Black has strong compensation.} 32. Ng3 Bf4 33. Ne2 $2 (33. Nf1 {was necessary.}) 33... Ne3 (33... Bh6 $142 {And now ...Ne3 would win.} 34. Qd3 Qa7) 34. Qd3 c4 35. Qd4 Bh6 $1 $36 {[%mdl 2048] Black is in control.} ({Don't take} 35... Nxd1 36. Nxf4 Nb2 37. h6 $1 $17 {[%mdl 512]}) 36. Rb1 {[#]} (36. Rd2 $17) 36... Nc2 $1 {[%cal Rc2d4]} ({Don't play} 36... Qxa4 37. Qb6 $17) 37. Qh4 Nxe1 38. Rxe1 Qxa4 39. Nf4 (39. Ned4 $142 Rb8 40. Qg3) 39... Qxa2 $2 {[#]} ({Black should play} 39... Rb8 $19 40. Nd4 Rb6) 40. Ng6 $2 {[%mdl 8192]} (40. Nxe6 $1 $11 {[%mdl 512]} Rb8 (40... Rxe6 41. Qxd8+) 41. Nc7) 40... Rd7 {Black is clearly winning.} 41. Ng5 Qd2 42. Rb1 Qxg5 {Accuracy: White = 36%, Black = 60%.} 0-1

[Event "Stay Safe Play From Home 291"]
[Site "Emanuel Lasker Arena"]
[Date "2020.07.09"]
[Round "2"]
[White "Haxhi Baha"]
[Black "Klasman"]
[Result "1-0"]
[WhiteElo "1916"]
[BlackElo "1541"]
[Annotator "TA"]
[PlyCount "85"]
[EventDate "2020.07.09"]
[EventType "swiss (blitz)"]

{[%evp 9,85,123,127,117,120,92,102,34,59,34,75,64,136,106,120,108,121,114,161,143,172,153,163,151,160,122,160,123,212,67,343,163,164,104,214,82,1937,1870,1593,513,1045,757,937,938,808,695,613,447,967,485,487,434,629,650,712,706,924,915,808,803,774,659,735,757,966,956,1532,985,1421,1378,1580,1633,2004,2001,5265,1820,1637,1523]} 1. e4 f5 2. exf5 Nf6 3. d4 d5 4. Bd3 Nc6 5. c3 e6 6. fxe6 {[#] B00: Queen's Fianchetto Defence, Nimzowitsch Defence.} Bd6 $146 ({Predecessor:} 6... Bxe6 7. Nf3 Bd6 8. Qe2 Qe7 9. Ng5 Bg4 10. Qxe7+ {1-0 (10) Krnan,T (2408)-Gettler,D (2052) Tatranske Zruby 2019}) 7. f4 Bxe6 8. f5 (8. Nf3 $16) 8... Bf7 9. Nf3 O-O 10. O-O Ng4 (10... Re8 $14) 11. h3 Nf6 12. Bg5 h6 13. Bh4 Qd7 14. Nbd2 Rae8 15. Bxf6 $1 gxf6 16. Nh4 Kh7 17. Ng6 Rg8 18. Qh5 Ne7 (18... Re3 $16 {was worth a try.} 19. Rf3 Rxf3 20. Nxf3 Ne7) 19. Nf3 ({White should play} 19. Rf2 $18) 19... c6 $2 {[%mdl 8192]} (19... Nxg6 $14 20. fxg6+ Bxg6 21. Bxg6+ Rxg6) 20. Nfh4 (20. Rae1 $142) 20... Bb8 $18 21. Rf3 (21. Rae1 $18 {Ne5 is the strong threat.} Qd6 22. Qg4) 21... Qd6 {[#]} (21... Qd8 $16 {might work better.}) 22. g3 (22. Re1 $1 $18 {and the rest is easy.}) 22... Bxg6 $4 {[%mdl 8192]} (22... c5 $16) 23. fxg6+ {White is clearly winning.} (23. Nxg6 Nc8 $18) 23... Kg7 24. Raf1 (24. Re1 $142) 24... c5 (24... Rgf8 $142 25. Re1 f5 26. Bxf5 a5) 25. Kh1 cxd4 26. Rxf6 Qxf6 27. Rxf6 Kxf6 28. g7 Rxg7 (28... Kxg7 $142 29. Nf5+ (29. cxd4 Bxg3 30. Ng6 Bb8 $16) 29... Nxf5 30. Qxf5 Re7) 29. Qxh6+ Kf7 30. g4 Reg8 (30... dxc3 $142 31. bxc3 a6) 31. cxd4 Bc7 32. Bf5 Bb6 33. Be6+ Ke8 34. Bxg8 Rxg8 35. Nf3 Rf8 36. Kg2 Nc6 37. Qe6+ Ne7 38. g5 Bc7 39. h4 Rh8 40. g6 Rg8 41. h5 Bf4 42. Ne5 (42. Qf7+ $142 Kd7 43. Qxf4) 42... Bxe5 43. dxe5 {Accuracy: White = 32%, Black = 19%.} 1-0

[Event "Stay Safe Play From Home 291"]
[Site "Emanuel Lasker Arena"]
[Date "2020.07.09"]
[Round "2"]
[White "Haris kollari 13"]
[Black "Position"]
[Result "0-1"]
[WhiteElo "1847"]
[BlackElo "2018"]
[Annotator "NA"]
[PlyCount "82"]
[EventDate "2020.07.09"]
[EventType "swiss (blitz)"]

1. e4 {[%emt 0:00:01]} c5 {[%emt 0:00:01]} 2. Nf3 {[%emt 0:00:01]} d6 {[%emt 0:00:01]} 3. d4 {[%emt 0:00:00]} cxd4 {[%emt 0:00:01]} 4. Nxd4 {[%emt 0:00:00]} Nf6 {[%emt 0:00:01]} 5. Nc3 {[%emt 0:00:00]} a6 {[%emt 0:00:01]} 6. f4 {[%emt 0:00:01]} e6 {[%emt 0:00:01]} 7. Be2 {[%emt 0:00:01]} Qc7 {[%emt 0:00:02]} 8. Be3 {[%emt 0:00:01]} Nc6 {[%emt 0:00:02]} 9. Qd2 {[%emt 0:00:01]} b5 {[%emt 0:00:02]} 10. Bf3 {[%emt 0:00:01]} Bb7 {[%emt 0:00:01]} 11. Nce2 {[%emt 0:00:02]} Nd7 {[%emt 0:00:02]} 12. Ng3 {[%emt 0:00:02]} Nb6 {[%emt 0:00:07]} 13. Nxc6 {[%emt 0:00:02]} Bxc6 {[%emt 0:00:03]} 14. Bxb6 {[%emt 0:00:01]} Qxb6 {[%emt 0:00:01]} 15. Qf2 {[%emt 0:00:05]} Qa5+ {[%emt 0:00:02]} 16. c3 {[%emt 0:00:02]} b4 {[%emt 0:00:02]} 17. cxb4 {[%emt 0:00:02]} Qxb4+ {[%emt 0:00:01]} 18. Qd2 {[%emt 0:00:00]} Qb6 {[%emt 0:00:02]} 19. Qf2 {[%emt 0:00:04]} Qb7 {[%emt 0:00:02]} 20. O-O {[%emt 0:00:02]} Be7 {[%emt 0:00:01]} 21. Rfc1 {[%emt 0:00:02]} O-O {[%emt 0:00:03]} 22. Rc2 {[%emt 0:00:05]} Rac8 {[%emt 0:00:02]} 23. Rac1 {[%emt 0:00:01]} Ba4 {[%emt 0:00:03]} 24. b3 {[%emt 0:00:03]} Bd7 {[%emt 0:00:02]} 25. Kh1 {[%emt 0:00:04]} Rxc2 {[%emt 0:00:03]} 26. Qxc2 {[%emt 0:00:03]} Rc8 {[%emt 0:00:02]} 27. Qd2 {[%emt 0:00:01]} h6 {[%emt 0:00:08]} 28. f5 {[%emt 0:00:02]} e5 {[%emt 0:00:02]} 29. Ne2 {[%emt 0:00:06]} Rd8 {[%emt 0:00:04]} 30. Nc3 {[%emt 0:00:03]} Bg5 {[%emt 0:00:01]} 31. Qd1 {[%emt 0:00:05]} Bxc1 {[%emt 0:00:01]} 32. Qxc1 {[%emt 0:00:00]} Rc8 {[%emt 0:00:01]} 33. Qd2 {[%emt 0:00:03]} Qc7 {[%emt 0:00:03]} 34. Nd5 {[%emt 0:00:04]} Qc1+ {[%emt 0:00:01]} 35. Qd1 {[%emt 0:00:05]} Qxd1+ {[%emt 0:00:02]} 36. Bxd1 {[%emt 0:00:01]} Rc1 {[%emt 0:00:00]} 37. Ne3 {[%emt 0:00:01]} Rc3 {[%emt 0:00:06]} 38. Ng4 {[%emt 0:00:06]} h5 {[%emt 0:00:04]} 39. Nf6+ {[%emt 0:00:02]} gxf6 {[%emt 0:00:02]} 40. Kg1 {[%emt 0:00:04]} Rc1 {[%emt 0:00:02]} 41. g4 {[%emt 0:00:00]} Rxd1+ {[%emt 0:00:01] Haris kollari 13 resigns (Lag: Av=0.85s, max=2.8s)} 0-1